000
00265nam a2200109Ia 4500
008
190216s9999||||xx |||||||||||||| ||und||
100
_a
Owen Webstar
245
0
_a
Read Well And Remember
260
_b
English Language Book Society
650
_a
English
942
_c
BK
999
_c
12706
_d
12706